Welcome to CU Library Online Public Access Catalogue (OPAC)

International financial management / (Record no. 8960)

MARC details
000 -LEADER
fixed length control field 00897cam a2200265 a 4500
001 - CONTROL NUMBER
control field 15353648
005 - DATE AND TIME OF LATEST TRANSACTION
control field 20260312091933.0
008 - FIXED-LENGTH DATA ELEMENTS--GENERAL INFORMATION
fixed length control field 080703s2009 maua b 001 0 eng
020 ## - INTERNATIONAL STANDARD BOOK NUMBER
International Standard Book Number 9780073382340
Qualifying information alk. paper
020 ## - INTERNATIONAL STANDARD BOOK NUMBER
International Standard Book Number 0073382345
Qualifying information alk. paper
050 00 - LIBRARY OF CONGRESS CALL NUMBER
Classification number HG3881
Item number .E655 2009
082 00 - DEWEY DECIMAL CLASSIFICATION NUMBER
Classification number 658.15/99
Edition information 22
100 1# - MAIN ENTRY--PERSONAL NAME
Personal name Eun, Cheol S.
245 10 - TITLE STATEMENT
Title International financial management /
Statement of responsibility, etc. Cheol S. Eun, Bruce G. Resnick.
250 ## - EDITION STATEMENT
Edition statement 5th ed.
260 ## - PUBLICATION, DISTRIBUTION, ETC.
Place of publication, distribution, etc. Boston :
Name of publisher, distributor, etc. McGraw-Hill Irwin,
Date of publication, distribution, etc. c2009.
300 ## - PHYSICAL DESCRIPTION
Extent xxiii, 533 p. :
Other physical details ill. ;
Dimensions 29 cm.
650 #0 - SUBJECT ADDED ENTRY--TOPICAL TERM
Topical term or geographic name entry element International finance.
650 #0 - SUBJECT ADDED ENTRY--TOPICAL TERM
Topical term or geographic name entry element International business enterprises
General subdivision Finance.
650 #0 - SUBJECT ADDED ENTRY--TOPICAL TERM
Topical term or geographic name entry element Foreign exchange.
650 #0 - SUBJECT ADDED ENTRY--TOPICAL TERM
Topical term or geographic name entry element Financial institutions, International.
700 1# - ADDED ENTRY--PERSONAL NAME
Personal name Resnick, Bruce G.
856 41 - ELECTRONIC LOCATION AND ACCESS
Materials specified Table of contents only
Uniform Resource Identifier <a href="http://www.loc.gov/catdir/toc/ecip0822/2008029244.html">http://www.loc.gov/catdir/toc/ecip0822/2008029244.html</a>
942 ## - ADDED ENTRY ELEMENTS (KOHA)
Source of classification or shelving scheme Library of Congress Classification
Koha item type Books
Edition 5th Ed.
Suppress in OPAC No
999 ## -
-- 8960
-- 8960
Holdings
Withdrawn status Lost status Source of classification or shelving scheme Damaged status Not for loan Collection Home library Current library Shelving location Date acquired Total checkouts Full call number Barcode Date last seen Copy number Price effective from Koha item type
    Library of Congress Classification     Non-fiction Business Library (Miotso) Business Library (Miotso) General stacks 03/11/2026   HG3881 .E655 2009 BSSM00002573 03/12/2026 1 03/11/2026 Books
    Library of Congress Classification     Non-fiction Business Library (Miotso) Business Library (Miotso) General stacks 03/11/2026   HG3881 .E655 2009 BSSM00002574 03/12/2026 2 03/11/2026 Books
© 2023-2024 Copyright: Central University Libraries. All Rights Reserved | Created by: Mahone Tech Office